| 000 | 00532nam a22001697a 4500 | ||
|---|---|---|---|
| 003 | MACL | ||
| 005 | 20160722152200.0 | ||
| 008 | 160722b xxu||||| |||| 00| 0 eng d | ||
| 040 | _cMACL | ||
| 041 | _aHindi | ||
| 082 | _a891.433 TIV | ||
| 100 |
_aटिवाणा, दलीप कौर _964413 |
||
| 245 |
_aउडान _cदलीप कौर टिवाणा |
||
| 260 |
_aनई दिल्ली _bअग्नि प्रकाशन _c2011 |
||
| 650 |
_aउपन्यास _965006 |
||
| 942 |
_2ddc _cHIN |
||
| 999 |
_c54700 _d54700 |
||